لغز الصندوق / (رقم التسجيلة. 140635)

تفاصيل مارك
000 -LEADER
fixed length control field 00545nam a22001937a 4500
005 - DATE AND TIME OF LATEST TRANSACTION
control field 20251108175719.0
008 - FIXED-LENGTH DATA ELEMENTS--GENERAL INFORMATION
fixed length control field 250721s2020 xx 000 0 ara d
082 14 - DEWEY DECIMAL CLASSIFICATION NUMBER
Classification number ط/ق/قرب
100 1# - MAIN ENTRY--PERSONAL NAME
Personal name قريان، بينار
245 10 - TITLE STATEMENT
Title لغز الصندوق /
264 1# - PRODUCTION, PUBLICATION, DISTRIBUTION, MANUFACTURE, AND COPYRIGHT NOTICE
Place of production, publication, distribution, manufacture بيروت :
Name of producer, publisher, distributor, manufacturer الربيع،
Date of production, publication, distribution, manufacture, or copyright notice 2020.
300 ## - PHYSICAL DESCRIPTION
Extent 112ص.
490 0# - SERIES STATEMENT
Series statement نسيم المشاغب
650 17 - SUBJECT ADDED ENTRY--TOPICAL TERM
Topical term or geographic name as entry element القصص القصيره
653 ## - INDEX TERM--UNCONTROLLED
Uncontrolled term ناشئون صغار (10-14)سنه
700 1# - ADDED ENTRY--PERSONAL NAME
Personal name بكيرة، فاطمة
942 ## - ADDED ENTRY ELEMENTS (KOHA)
Source of classification or shelving scheme Dewey Decimal Classification
Koha item type كتب
المقتنيات
حالة السحب حالة الفقدان مصدر التصنيف حالة التلف غير قابل للإعارة المكتبة الرئيسية المكتبة الحالية موقع الرف تاريخ التزويد الرقم المتسلسل Total Checkouts رقم الإستدعاء الباركود تاريخ آخر ظهور تاريخ الفاتورة نوع المادة (كوها)
    Dewey Decimal Classification     المكتبة المركزية المكتبة المركزية الأطفال 18/12/2019 1727012   ط/ق/قرب PLD00481546 28/07/2025 18/12/2019 كتب
    Dewey Decimal Classification     المكتبة المركزية المكتبة المركزية الأطفال 08/11/2022 1775096   ط/ق/قرب PLD00502070 28/07/2025 08/11/2022 كتب
    Dewey Decimal Classification     مكتبة قتيبة للأطفال مكتبة قتيبة للأطفال الأطفال 18/12/2019 1727018   ط/ق/قرب PLD00481548 28/07/2025 18/12/2019 كتب
    Dewey Decimal Classification     مكتبة الأميرة ايمان العامة مكتبة الأميرة ايمان العامة الأطفال 18/12/2019 1727020   ط/ق/قرب PLD00481549 28/07/2025 18/12/2019 كتب
    Dewey Decimal Classification     مكتبة البراءة للأطفال مكتبة البراءة للأطفال الأطفال 08/11/2022 1775098   ط/ق/قرب PLD00502071 28/07/2025 08/11/2022 كتب
    Dewey Decimal Classification     مكتبة مرج الحمام مكتبة مرج الحمام الأطفال 18/12/2019 1727016   ط/ق/قرب PLD00481547 28/07/2025 18/12/2019 كتب
Implemented & Customized by: BBB with SCIT (Smart Chains for Information Technology)

Powered by Koha